For better or for best. (Record no. 14665)

000 -LEADER
fixed length control field 00669nam a2200217 a 4500
001 - CONTROL NUMBER
control field :::00012498$&:&@@
003 - CONTROL NUMBER IDENTIFIER
control field OkBaRHE
005 - DATE AND TIME OF LATEST TRANSACTION
control field 20000607103420.0
008 - FIXED-LENGTH DATA ELEMENTS--GENERAL INFORMATION
fixed length control field s1982 j 000 0 eng u
020 ## - INTERNATIONAL STANDARD BOOK NUMBER
International Standard Book Number 0310448719 (pbk.)
040 ## - CATALOGING SOURCE
Transcribing agency
100 1# - MAIN ENTRY--PERSONAL NAME
Personal name Smalley, Gary and Scott, Steve.
245 10 - TITLE STATEMENT
Title For better or for best.
250 ## - EDITION STATEMENT
Edition statement Rev. ed.
260 ## - PUBLICATION, DISTRIBUTION, ETC. (IMPRINT)
Place of publication, distribution, etc Grand Rapids, MI., :
Name of publisher, distributor, etc Zondervan Publishing House
Date of publication, distribution, etc c1982
300 ## - PHYSICAL DESCRIPTION
Extent 169, [2] p. ;
Dimensions 24 cm.
650 ## - SUBJECT ADDED ENTRY--TOPICAL TERM
Topical term or geographic name as entry element Marriage
700 ## - ADDED ENTRY--PERSONAL NAME
Personal name Scott, Steve, 1948- , Joint author.
942 ## - ADDED ENTRY ELEMENTS (KOHA)
Source of classification or shelving scheme
Koha item type Books
Copies
Date last seen Permanent Location Not for loan Barcode Damaged status Withdrawn status Full call number Shelving location Koha item type Lost status Copy number Date acquired Price effective from Source of classification or shelving scheme
2010-04-14RHEMA Bible Training College 12498  HQ 734 .S683General StacksBooks 12010-04-142010-04-14